Stations in Leicestershire - MAP Quiz Stats

 Plays Quiz not verified by Sporcle

Score 0/11 Timer 05:00
1 Play Today
% Correct
Leicester
99.2%
Loughborough
91.3%
Melton Mowbray
82.5%
Market Harborough
81.7%
Hinckley
79.6%
Syston
68.3%
Narborough
66.7%
Sileby
64.6%
South Wigston
63.3%
Barrow-upon-Soar
59.6%
Bottesford
42.5%

You're not logged in!

Compare scores with friends on all Sporcle quizzes.
OR
Log In

Sporcle TV

Today on Sporcle TV


Watch our educational content, quiz creation guides, and fun videos on Sporcle TV.

Show Comments

Extras

Created Apr 22, 2016ReportNominate
Tags:map, railway, station

Top Quizzes Today


Score Distribution

Your Account Isn't Verified!

In order to create a playlist on Sporcle, you need to verify the email address you used during registration. Go to your Sporcle Settings to finish the process.

Report this User

Report this user for behavior that violates our Community Guidelines.

Details: